000 00483nam a2200181Ia 4500
008 170918s9999 xx 000 0 und d
050 _bD552wi 2008
100 _aDickins, Rosie
245 _aWilliam Shakespeare /
245 _cby Rosie Dickins ; illustrated by Christa Unzner.
260 _aLondon :
260 _bUsborne Publishing,
260 _c2008
300 _a64 pages :
300 _bcolored illustrations ;
300 _c20cm.
300 _eUsborne young reading.
999 _c344349
_d344349